| 000 | 00470 a2200169 4500 | ||
|---|---|---|---|
| 003 | OSt | ||
| 005 | 20231220153530.0 | ||
| 008 | 231220b |||||||| |||| 00| 0 eng d | ||
| 020 | _a81843661X | ||
| 040 | _coclc | ||
| 082 |
_a891.433 _bARY/J |
||
| 100 |
_aArya, Jiyalal _910189 |
||
| 245 |
_aJUNGAL KE KHILAF / _cJiyalal Arya |
||
| 260 |
_aNew Delhi: _bVani Prakashan, _c2007. |
||
| 300 | _a96p | ||
| 942 |
_2ddc _cBK _h891.433 _iARY/J _k891433 _mARY/J |
||
| 999 |
_c43520 _d43520 |
||